|
|
|
|
| LEADER |
00000cas a2200000 a 4500 |
| 001 |
vtls001348142 |
| 003 |
SK-MaSNL |
| 005 |
20260228155737.0 |
| 008 |
180810d18491924hu wr 0 0 0hun c |
| 035 |
|
|
|a SNK000301419
|
| 040 |
|
|
|a SNK
|b slo
|c SNK
|e AACR2
|
| 041 |
0 |
|
|a hun
|
| 044 |
|
|
|a hu
|c HU
|
| 072 |
|
7 |
|a 63
|x Poľnohospodárstvo a príbuzné oblasti vedy a techniky
|2 konspekt
|
| 080 |
|
|
|a 631
|2 2011
|
| 080 |
|
|
|a 050
|2 2011
|
| 080 |
|
|
|a (051)
|2 2011
|
| 245 |
0 |
0 |
|a Gazdasági lapok
|b mezőgazdasági hetilap
|
| 246 |
3 |
3 |
|a Gazdaságilapok
|
| 260 |
|
|
|a Budapest
|b Ordódy Lajos
|c 1849-1924
|
| 300 |
|
|
|a zv.
|c cm
|
| 310 |
|
|
|a 1x týždenne
|
| 362 |
0 |
|
|a 1849-évf. 76, sz. 35 (16. nov. 1924)
|
| 525 |
|
|
|a Mal prílohu: Állattenyésztési és tejgazdasági lapok
|
| 525 |
|
|
|a Mal prílohu: Közlekedés és vízügy
|
| 650 |
0 |
7 |
|a poľnohospodárstvo
|2 SNKPH
|9 679
|
| 655 |
|
7 |
|a časopisy
|2 SNKPH
|9 76610
|
| 780 |
0 |
7 |
|t Magyar föld
|
| 910 |
|
|
|a snk
|
| 958 |
|
|
|a ONDV
|
| 999 |
|
|
|c 398
|d 398
|
| 952 |
|
|
|0 0
|1 1
|4 0
|7 0
|8 5
|a SNK
|b SNK
|d 2012-05-16
|i snkF 4248/79
|l 0
|o snkČB 2330/2/1850
|p 17A0888035
|r 2026-02-21 20:29:59
|t č. 1-82, neúplné
|w 2026-02-21
|y PREZ
|z Chýba č. 15
|
| 952 |
|
|
|0 0
|1 1
|4 0
|7 0
|a SNK
|b SNK
|d 1998-11-13
|l 0
|o snkČB 2330/11/1859
|p 17A0167118
|r 2005-01-02 00:00:00
|t č. 11-36
|w 2026-02-21
|y PREZ
|